000 00521nam a2200169 4500
999 _c4333
_d4333
008 160905b xxu||||| |||| 00| 0 eng d
022 _a2094-8042
082 _aDPer 370.105 M72 Jan-Dec 2012 v. 60-61
100 _914096
_aCastro, Liza C.
243 _aThe modern teacher
245 _aWastong nutrisyon/
_cLiza C. Castro.
260 _aPhilippines:
_bIn the Grade School, Inc.,
_c©2012.
300 _av61 n2, page 79;
_c28 cm.
500 _aThe Modern Teacher.
650 0 _914097
_aNutrition
942 _2ddc
_cPER